000
00321nam a2200109Ia 4500
008
220216s9999 xx 000 0 und d
100
_a
Devendra Kumar
245
0
_a
Can we have gasoline plantations ?
260
_b
Rubber Board Bulletin (Reproduced from Science reporter, June 1979)
_c
1978
300
_a
28-33
942
_c
JS
999
_c
55077
_d
55077